000 00905nas a2200301 4500
001 BR2011002007
003 BR-BrBNA
005 20231205114539.0
007 ta
008 230509b bl.|||p| |||| 00| 00por d
040 _aBR-BrBNA
_bpor
_cBiblioteca Nacional de Agricultura
041 _a(En)
072 _aL73; L70
100 1 _aSouza, A.L.G.
100 1 _aWouk, A.F.P.F.
100 1 _aDeconto, I.
100 1 _aPerotta, J.H.
100 1 _aLaus, J.L.
245 1 _aExtracapsular cataract extraction in horses by nuclear fragmentation using adapted instruments
650 _aEQUINO
650 _aCIRURGIA
650 _aCATARATA
650 _aOLHO
650 _aVISÃO
773 0 _tArquivo Brasileiro de Medicina Veterinária e Zootecnia (Brazil)
_xISSN 0102-0935
_g(Dec 2008), v. 60(6) p. 1375-1381
_wBR2011002007
909 _a202311
_bLúcia
_c55
_dLúcia Elande
942 _2AGRIS
_n0
_cANA
999 _c209273
_d209273